O vyučovaní tvorenia slov

Bibliographic Details
Main Author: Betáková, Valéria, 1920-1990 (Author)
Format: Book
Language:Slovak
PhysicalDescription:140 s. Tab. 8°
Published: Bratislava Slovenské pedagogické nakladateľstvo 1969
Series:Knižnica metodickej literatúry
Subjects:

MARC

LEADER 00000nam a2200000 a 4500
001 vtls001274147
003 SK-MaSNL
005 20260302065601.0
008 251113s1969 xo 1 slo
035 |a SNK000225326 
035 |a urn:nbn:sk:snk-amlqv9 
035 |a urn:nbn:sk:snk-am00c2u9 
035 |a CC8DC832-9107-4683-B962-4A312F91977E 
040 |a SNK  |b slo  |c SNK  |e AACR2 
041 0 |a slo 
044 |a xo  |c SK 
080 |a 81'373.611  |2 2001 
080 |a 811.162.4  |2 2001 
100 1 |a Betáková, Valéria,  |d 1920-1990  |4 aut  |9 107285 
245 1 0 |a O vyučovaní tvorenia slov  |c Valéria Betáková 
260 |a Bratislava  |b Slovenské pedagogické nakladateľstvo  |c 1969 
300 |a 140 s.  |b Tab.  |c 8° 
490 1 |a Knižnica metodickej literatúry 
650 0 7 |a tvorenie slov  |2 SNKPH  |9 15995 
650 0 7 |a slovenčina  |2 SNKPH  |9 1350 
650 0 7 |a lexikografia  |2 SNKPH  |9 867 
650 0 7 |a didaktika  |2 SNKPH  |9 3484 
655 7 |a príručky  |2 SNKPH  |9 74364 
830 0 |a Knižnica metodickej literatúry  |9 285648 
852 |a Slovenská národná knižnica 
958 |a OND 
999 |c 1142829  |d 1144759 
952 |a SNK  |b SNK  |y PREZ  |7 0  |p 17A0863006  |o snkSD 34826  |0 0  |1 0  |4 0  |d 2013-08-09  |f 1  |l 0  |r 2026-02-24 19:39:52  |w 2026-02-24 
952 |t P60, <03>, [BOOK], {603}  |a SNK  |b SNK  |y PREZ  |7 0  |o snkSD 34826  |i snkKSP 3434/69  |0 0  |1 0  |4 0  |d 1997-01-31  |l 0  |r 2005-01-02 00:00:00  |w 2026-02-24 
952 |t P60, <04>, [BOOK], {604}  |a SNK  |b SNK  |y VYP  |7 0  |p 17A0182277  |o snkSD 34826 D1  |i snkKSP 3435/69  |0 0  |1 0  |4 0  |d 1999-02-27  |l 0  |r 2005-01-02 00:00:00  |w 2026-02-24